Effect of modified atmosphere packaging and edible wax coating on shelf life of mango (Record no. 14972)
[ view plain ]
| 000 -LEADER | |
|---|---|
| fixed length control field | 00747nam a22001817a 4500 |
| 003 - CONTROL NUMBER IDENTIFIER | |
| control field | OSt |
| 088 ## - REPORT NUMBER | |
| Report number | P 338 |
| 100 ## - MAIN ENTRY--AUTHOR NAME | |
| Personal name | AMULYA P.R |
| -- | NUSAIBA C |
| -- | SREESHA K.R |
| -- | RIFNA E.J |
| 245 ## - TITLE STATEMENT | |
| Title | Effect of modified atmosphere packaging and edible wax coating on shelf life of mango |
| 260 ## - PUBLICATION, DISTRIBUTION, ETC. (IMPRINT) | |
| Place of publication | Tavanur 2016 |
| Name of publisher | Department of Food and Agricultural Process Engineering |
| 300 ## - PHYSICAL DESCRIPTION | |
| Number of Pages | 85 |
| 500 ## - GENERAL NOTE | |
| General note | Effect of modified atmosphere packaging and edible wax coating on shelf life of mango |
| 520 ## - SUMMARY, ETC. | |
| Summary, etc | Effect of modified atmosphere packaging and edible wax coating on shelf life of mango |
| 700 ## - ADDED ENTRY--PERSONAL NAME | |
| Personal name | Dr. Sudheer K.P (Guide) |
| 856 ## - ELECTRONIC LOCATION AND ACCESS | |
| Uniform Resource Identifier | https://drive.google.com/open?id=1_izemZh82D_solnX8Nw9jVTjKvXx1knI |
| 942 ## - ADDED ENTRY ELEMENTS (KOHA) | |
| Koha item type | Project Report |
| Collection code | Home library | Current library | Shelving location | Full call number | Accession Number | Koha item type |
|---|---|---|---|---|---|---|
| Reference | KAUAET | KAUAET | Reference | 664 AMU/EF | P 338 | Project Report |
